000 01199cam a2200289 i 4500
001 21876300
005 20241105132641.0
008 200206s2020 enk 001 0 eng d
020 _a9789395116497
_q(hardcover)
050 0 0 _aKD1960 / KNS948
_b.D86 2020 / .D91 2020
082 0 4 _a345.420256
_223
100 1 _aRampton, Richard,
_eauthor.
245 1 0 _aDuncan and Neill on defamation and other media and communications claims /
_ceditors: Richard Rampton, Heather Rogers, Timothy Atkinson, Aidan Eardley
250 _aFifth edition.
260 _aUnited Kingdom
_aIndia
_bLexisNexis
_cc2020
300 _alxxiv, 589 pages ;
_c25 cm
_bIndex
500 _aIncludes index.
500 _aPrevious edition: published as by Rt. Hon. Sir Brian Neill, Richard Rampton, Heather Rogers, Timothy Atkinson, Aidan Eardley. London: LexisNexis, 2015.
650 0 _aLibel and slander
_zEngland.
650 0 _aLibel and slander
_zWales.
700 1 _aRogers, Heather,
_eauthor.
700 1 _aAtkinson, Timothy
_c(Barrister),
_eauthor.
700 1 _aEardley, Aidan,
_eauthor.
700 1 _aDuncan, Colin.
_tDefamation.
700 1 _aNeill, Brian.
_tDuncan and Neill on defamation.
942 _2lcc
_cBK
_e5th Ed.
_n0
999 _c636
_d636